Adjuvantná liečba karcinómov prsníka u gerontologických pacientiek

Podrobná bibliografia
Hlavní autori: Wagnerová, Mária, MUDr (Autor), Berč, Alexander, 1950- (Autor)
Korporatívny autor: Košické chemoterapeutické dni (Autor)
Médium: Konferenčný príspevok Článok
Jazyk:slovenčina
Fyzický popis:Tab.
ISSN:1335-0579
Predmet:

MARC

LEADER 00000nab a2200000 a 4500
001 vtls008876431
005 20260410080046.0
008 250505c xo 0 slo
015 |a SNBCL2005/5 
035 |a SLK037463 
035 |a urn:nbn:sk:snk-ab2f7g 
035 |a (urnnbn)urn:nbn:sk:snk:ar-a02c4x 
035 |a (uuid)c9e3c7d6-ed43-489f-974f-c5149c217433 
040 |a SNKBUCL  |b slo  |c SNKBUCL  |e AACR2 
041 0 |a slo  |b slo 
044 |a xo  |c SK 
080 |a 618.19-006.6-085  |2 1981 
100 1 |a Wagnerová, Mária,  |c MUDr.  |4 aut  |9 73899 
245 1 0 |a Adjuvantná liečba karcinómov prsníka u gerontologických pacientiek  |c M. Wagnerová, A. Berč 
300 |b Tab. 
504 |a Res. slov. 
504 |a Bibliogr. odkazy 
650 0 7 |a nádory prsníka  |x farmakoterapia  |2 MESH  |9 858817 
650 0 7 |a karcinómy  |2 MESH  |9 236564 
650 0 7 |a chemoterapia adjuvantná  |2 MESH  |9 843215 
650 0 7 |a ženy  |x ľudia vyššieho veku  |2 MESH  |9 1455052 
700 1 |a Berč, Alexander,  |d 1950-  |4 aut  |9 1636303 
711 2 |a Košické chemoterapeutické dni  |n (8. :  |d 2004 :  |c Košice, Slovensko)  |4 aut  |9 92592 
773 0 |t Acta chemotherapeutica  |g Roč. 15 (v čsp. nesprávne 16), č. 3-4 (2006), s. 37-40  |x 1335-0579 
852 |a Slovenská národná knižnica 
954 |a odborná, vedecká literatúra pôvodná (slovenská)  |2 lita 
958 |a article27 
958 |a OND 
958 |a EUIPO 
999 |c 2911448  |d 2913378